| 000 | 00725nam a2200205 a 4500 | ||
|---|---|---|---|
| 005 | 20240809063827.0 | ||
| 008 | 991125s1972 mx 000 0 spa u | ||
| 020 | _a9682305330 | ||
| 035 | _aUPN01000028287 | ||
| 049 | _aCG | ||
| 050 | 4 |
_aPN1993.5 A1 _bS2.38 |
|
| 100 | 1 | _aSadoul, Georges | |
| 245 | 1 | 0 |
_aHistoria del cine mundial : _bdesde los orígenes hasta nuestros días / _cpor Georges Sadoul ; apéndices de ICAIC y Tomás Pérez Turrent ; tr. Florentino M. Torner. |
| 260 |
_aMéxico : _bSiglo XXI, _c1972. |
||
| 300 | _avii, 828 p., [56] p. de láms. | ||
| 440 | 0 | _aArtes | |
| 534 |
_pTítulo original: _tHistoire du cinéma mondial-des origénes |
||
| 650 | 0 |
_aCinematografía _xHistoria _910591 |
|
| 905 | _aLibro | ||
| 999 |
_c28287 _d28287 |
||